Práctica del Chapeado de la Madera /

I tiakina i:
Ngā taipitopito rārangi puna kōrero
Kaituhi matua: Hayward, Charles H. (autor)
Hōputu: Pukapuka
Reo:Pāniora
I whakaputaina: Barcelona, España : CEAC, 1988
Putanga:5a edición
Ngā marau:
Ngā Tūtohu: Tāpirihia he Tūtohu
Kāore He Tūtohu, Me noho koe te mea tuatahi ki te tūtohu i tēnei pūkete!

MARC

LEADER 00000nam^a2200000^a^4500
001 000022602
005 20250521000000.0
009 20260310084501.926
020 |a 84-329-7506-0 
037 |a Acervo ITESO - Biblioteca 
041 |a ESP 
082 |a 684. 08  |b HAY 
100 |a Hayward, Charles H.  |e (autor) 
245 1 0 |a Práctica del Chapeado de la Madera /  |c C.H. Hayward. 
250 |a 5a edición 
264 1 |a Barcelona, España :  |b CEAC,  |c 1988 
300 |a 134 p. 
336 |a texto  |b txt  |2 rdacontenido 
337 |a sin mediación  |b n  |2 rdamedio 
338 |a volumen  |b nc  |2 rdasoporte 
500 |a Traducción de: Practical Veneering 
649 |a XX 
650 |a Artesanía 
650 |a Madera 
650 |a Carpintería y Ebanistería 
650 |a Madera 
910 |a Fondo General 
920 |a Impresos - Libros 
930 |a Colección General 
905 |a 101 
901 |a 0226020100  |b IT1  |c ACC  |i 022602  |u 20250521 
902 |a https://opac.biblio.iteso.mx/vufind/Record/000022602